[Event "Rio de Janeiro op 3rd"]
[Site "Rio de Janeiro"]
[Date "2024.04.23"]
[Round "3"]
[White "Fonseca, Luis Ernesto Serra"]
[Black "De Freitas, Julio Eimard"]
[Result "0-1"]
[WhiteElo "2018"]
[BlackElo "1877"]
[PlyCount "100"]
[EventDate "2024.04.22"]
[EventType "swiss"]
[EventRounds "9"]
[EventCountry "BRA"]
[SourceTitle "CB18_2024"]
[SourceDate "2024.05.01"]
[SourceVersion "1"]
[SourceVersionDate "2024.05.01"]
[SourceQuality "2"]

1. e4 c5 2. Nf3 d6 3. d4 cxd4 4. Nxd4 Nf6 5. Nc3 a6 6. h3 e5 7. Nde2 Be7 8. g4 h6 9. Bg2 b5 10. Be3 Bb7 11. Qd2 Nbd7 12. Ng3 Nb6 13. Nf5 Bf8 14. b3 Qc7 15. Nd5 Nbxd5 16. exd5 Rc8 17. Kd1 g6 18. Nxh6 Qc3 19. Qxc3 Rxc3 20. Kd2 Rxe3 21. g5 Bxh6 22. gxh6 Re4 23. Bxe4 Nxe4+ 24. Ke3 Nf6 25. c4 Rxh6 26. f4 exf4+ 27. Kxf4 Kf8 28. h4 Rh5 29. Rhf1 Nd7 30. Kg3 bxc4 31. bxc4 Nc5 32. Rae1 Kg7 33. Re7 Rf5 34. Rxf5 gxf5 35. h5 Kf6 36. h6 Kg6 37. Kf4 Bc8 38. h7 Kxh7 39. Rxf7+ Kg6 40. Rf8 Bd7 41. Rd8 Kf6 42. Rh8 Ke7 43. Rh2 Nd3+ 44. Ke3 Ne5 45. Rc2 Kf6 46. c5 dxc5 47. Rxc5 Bb5 48. Kd4 f4 49. d6 f3 50. Rc2 Ke6 0-1

[Event "Florianopolis op 6th"]
[Site "Florianopolis"]
[Date "2020.01.25"]
[Round "9"]
[White "De Freitas, Julio Eimard"]
[Black "Dias Filho, Pedro Stein"]
[Result "1/2-1/2"]
[WhiteElo "1834"]
[BlackElo "1445"]
[PlyCount "78"]
[EventDate "2020.01.20"]
[EventType "swiss"]
[EventRounds "10"]
[EventCountry "BRA"]
[SourceTitle "CBM 194 Extra"]
[Source "ChessBase"]
[SourceDate "2020.03.31"]
[SourceVersion "1"]
[SourceVersionDate "2020.03.31"]
[SourceQuality "1"]

1. d4 Nf6 2. Nf3 g6 3. Nc3 Bg7 4. Bf4 d6 5. Qd2 0-0 6. Bh6 Re8 7. Bxg7 Kxg7 8. e4 e5 9. dxe5 dxe5 10. Qxd8 Rxd8 11. Nxe5 Re8 12. f4 Nbd7 13. Nxd7 Bxd7 14. 0-0-0 Bc6 15. e5 Ng4 16. Bb5 Nf2 17. Bxc6 bxc6 18. g4 Nxh1 19. Rxh1 f6 20. Rd1 Rad8 21. exf6+ Kxf6 22. Rf1 Re3 23. Nd1 Re2 24. Nf2 Kg7 25. Nd3 Rxh2 26. f5 gxf5 27. Rxf5 Rh1+ 28. Kd2 Rg1 29. g5 Rg2+ 30. Kc3 Rg3 31. Kc4 Rd6 32. Ne5 Rd5 33. Rf7+ Kg8 34. Re7 Rxg5 35. Nf7 Rg4+ 36. Kc3 Rh5 37. Ne5 Rh3+ 38. Nd3 Rg7 39. Re8+ Kf7 1/2-1/2

[Event "Florianopolis op 6th"]
[Site "Florianopolis"]
[Date "2020.01.23"]
[Round "5"]
[White "De Freitas, Julio Eimard"]
[Black "Koinski, Carlos Cesar"]
[Result "1/2-1/2"]
[WhiteElo "1834"]
[BlackElo "1511"]
[PlyCount "44"]
[EventDate "2020.01.20"]
[EventType "swiss"]
[EventRounds "10"]
[EventCountry "BRA"]
[SourceTitle "CBM 194 Extra"]
[Source "ChessBase"]
[SourceDate "2020.03.31"]
[SourceVersion "1"]
[SourceVersionDate "2020.03.31"]
[SourceQuality "1"]

1. d4 d5 2. Bf4 Nf6 3. e3 e6 4. Nd2 h6 5. Bd3 Bd6 6. Bg3 Bxg3 7. hxg3 Nc6 8. Ngf3 a6 9. c3 Nd7 10. Ne5 Qe7 11. Ndf3 Na7 12. Nxd7 Bxd7 13. Qe2 Nc8 14. g4 g5 15. e4 dxe4 16. Qxe4 Nd6 17. Qe2 c6 18. 0-0-0 0-0-0 19. Rh2 Qf6 20. Ne5 Qf4+ 21. Kb1 Qf6 22. g3 Ne4 1/2-1/2

[Event "American Continental 15th"]
[Site "Sao Paulo"]
[Date "2019.07.09"]
[Round "6"]
[White "De Freitas, Julio Eimard"]
[Black "Do Nascimento, Christian Almeida"]
[Result "1/2-1/2"]
[WhiteElo "1799"]
[BlackElo "2033"]
[PlyCount "103"]
[EventDate "2019.07.05"]
[EventType "swiss"]
[EventRounds "11"]
[EventCountry "BRA"]
[SourceTitle "CBM 191 Extra"]
[Source "ChessBase"]
[SourceDate "2019.09.30"]
[SourceVersion "1"]
[SourceVersionDate "2019.09.30"]
[SourceQuality "1"]

1. d4 Nf6 2. Nf3 d5 3. c4 e6 4. g3 b6 5. Bg2 Bb7 6. 0-0 Nbd7 7. Nc3 Be7 8. h3 0-0 9. cxd5 Nxd5 10. Re1 N7f6 11. Ne5 Nxc3 12. bxc3 Bxg2 13. Kxg2 c5 14. e4 Qc7 15. Qf3 Rac8 16. Bf4 Qb7 17. Ng4 cxd4 18. cxd4 Rfd8 19. Rad1 Rc2 20. d5 exd5 21. Nxf6+ Bxf6 22. exd5 Rxa2 23. d6 Qxf3+ 24. Kxf3 g5 25. Be5 Bxe5 26. Rxe5 h6 27. d7 Kf8 28. Rd6 Rc2 29. Rxh6 Rxd7 30. Rxg5 Rb2 31. h4 Rdd2 32. Rh8+ Ke7 33. Rb8 Rxf2+ 34. Ke3 a5 35. Rxb6 Rxb6 36. Kxf2 Ra6 37. Re5+ Kf6 38. Re3 a4 39. Ra3 Ke5 40. Ke3 Kd5 41. g4 Kc4 42. g5 Kb4 43. Ra1 a3 44. Kf4 Ra5 45. h5 Kb3 46. h6 Kb2 47. Rh1 a2 48. h7 Ra8 49. Kf5 Rh8 50. Rh2+ Kb3 51. Rxa2 Kxa2 52. g6 1/2-1/2

[Event "American Continental 15th"]
[Site "Sao Paulo"]
[Date "2019.07.06"]
[Round "2"]
[White "De Freitas, Julio Eimard"]
[Black "Mariani, Daniel Brandao"]
[Result "0-1"]
[WhiteElo "1799"]
[BlackElo "2062"]
[PlyCount "56"]
[EventDate "2019.07.05"]
[EventType "swiss"]
[EventRounds "11"]
[EventCountry "BRA"]
[SourceTitle "CBM 191 Extra"]
[Source "ChessBase"]
[SourceDate "2019.09.30"]
[SourceVersion "1"]
[SourceVersionDate "2019.09.30"]
[SourceQuality "1"]

1. d4 d5 2. Nf3 Nf6 3. c4 e6 4. Nc3 c5 5. cxd5 exd5 6. Bg5 Nc6 7. e3 Be6 8. Ne5 Bd6 9. Bb5 Rc8 10. 0-0 0-0 11. f4 cxd4 12. Bxc6 bxc6 13. exd4 c5 14. f5 cxd4 15. Ng4 dxc3 16. Nxf6+ gxf6 17. Bh6 Kh8 18. fxe6 fxe6 19. bxc3 Rg8 20. Rf3 Rg6 21. Rh3 Qb6+ 22. Kh1 Qb2 23. Bd2 Bf4 24. Rb1 Qxd2 25. Rxh7+ Kxh7 26. Qh5+ Kg7 27. g3 Rxc3 28. Rb7+ Bc7 0-1

[Event "BRA-ch Amateur U2000"]
[Site "Sao Paulo"]
[Date "2019.06.21"]
[Round "3"]
[White "De Freitas, Julio Eimard"]
[Black "Soares, Paulo Henrique Dos"]
[Result "0-1"]
[WhiteElo "1806"]
[BlackElo "1925"]
[PlyCount "88"]
[EventDate "2019.06.20"]
[EventType "swiss"]
[EventRounds "7"]
[EventCountry "BRA"]
[SourceTitle "EXT 2020"]
[Source "ChessBase"]
[SourceDate "2019.10.17"]
[SourceVersion "1"]
[SourceVersionDate "2019.10.17"]
[SourceQuality "1"]

1. d4 d5 2. Nf3 Nf6 3. c4 c6 4. Nc3 e6 5. e3 Nbd7 6. Qc2 Be7 7. Be2 dxc4 8. Bxc4 b5 9. Bd3 Bb7 10. 0-0 a6 11. Rd1 Qa5 12. Bd2 b4 13. Ne4 Nxe4 14. Bxe4 Rc8 15. a3 Qh5 16. axb4 Nf6 17. Ne5 0-0 18. Bf3 Qh4 19. g3 Qh3 20. Bg2 Qh5 21. h4 Ng4 22. Bf3 f5 23. Nd7 Bxh4 24. gxh4 Qxh4 25. Be1 Qh2+ 26. Kf1 Nxe3+ 27. fxe3 Qxc2 28. Nxf8 Rxf8 29. Bc3 Qh2 30. Rd2 Qh3+ 31. Ke2 g5 32. Rg1 g4 33. Bg2 Qh2 34. Kf1 Qh6 35. Re2 a5 36. b5 a4 37. Rh1 Qg5 38. Bxc6 Bxc6 39. bxc6 f4 40. e4 f3 41. Reh2 g3 42. Rg1 Qc1+ 43. Be1 Qc4+ 44. Re2 Qxe2# 0-1

[Event "Concordia op 5th"]
[Site "Concordia"]
[Date "2019.05.05"]
[Round "9"]
[White "Kropff, Ricardo"]
[Black "De Freitas, Julio Eimard"]
[Result "1/2-1/2"]
[WhiteElo "2176"]
[BlackElo "1822"]
[PlyCount "44"]
[EventDate "2019.05.01"]
[EventType "swiss"]
[EventRounds "9"]
[EventCountry "BRA"]
[SourceTitle "CBM 190 Extra"]
[Source "ChessBase"]
[SourceDate "2019.07.15"]
[SourceVersion "1"]
[SourceVersionDate "2019.07.15"]
[SourceQuality "1"]

1. d4 d5 2. Nf3 Nf6 3. c4 c6 4. Nc3 g6 5. Bg5 Bg7 6. e3 0-0 7. Be2 h6 8. Bh4 Be6 9. Qb3 Nbd7 10. 0-0 Qb6 11. cxd5 Qxb3 12. axb3 cxd5 13. Rfc1 a6 14. Na4 Rac8 15. b4 g5 16. Bg3 Ne4 17. Nc5 Ndxc5 18. bxc5 Nxg3 19. hxg3 Bd7 20. b4 f6 21. Ra5 Rc7 22. Rca1 Rfc8 1/2-1/2

[Event "Sao Paulo Carnaval op"]
[Site "Sao Paulo"]
[Date "2019.03.05"]
[Round "7"]
[White "De Freitas, Julio Eimard"]
[Black "Dos Santos, Lucas Aparecido"]
[Result "0-1"]
[WhiteElo "1822"]
[BlackElo "1999"]
[PlyCount "77"]
[EventDate "2019.03.02"]
[EventType "swiss"]
[EventRounds "7"]
[EventCountry "BRA"]
[SourceTitle "EXT 2020"]
[Source "ChessBase"]
[SourceDate "2019.10.17"]
[SourceVersion "1"]
[SourceVersionDate "2019.10.17"]
[SourceQuality "1"]

1. d4 Nf6 2. Nf3 e6 3. Bg5 c5 4. e3 h6 5. Bh4 Be7 6. Bd3 Qb6 7. Qc1 cxd4 8. exd4 Nc6 9. c3 d6 10. 0-0 Bd7 11. Nbd2 0-0 12. Nc4 Qc7 13. Re1 Nd5 14. Bg3 b5 15. Ne3 Nxe3 16. Qxe3 Rab8 17. Re2 Na5 18. Rae1 Bc6 19. Bb1 Bd5 20. Qd3 f5 21. b3 Qd7 22. h4 Bf6 23. Bf4 Qd8 24. g3 g5 25. hxg5 hxg5 26. Bd2 Rb7 27. Nh2 g4 28. Nxg4 fxg4 29. Qg6+ Rg7 30. Qh5 Bg5 31. Bxg5 Qxg5 32. Qxg5 Rxg5 33. Rxe6 Bxe6 34. Rxe6 Nb7 35. Be4 d5 36. Bg2 Rc8 37. Re7 Nd6 38. Rd7 Ne4 39. Rxa7 0-1

[Event "Sao Paulo Carnaval op"]
[Site "Sao Paulo"]
[Date "2019.03.04"]
[Round "6"]
[White "De Freitas, Julio Eimard"]
[Black "Ribeiro, Jose Joselito"]
[Result "1-0"]
[WhiteElo "1822"]
[BlackElo "1946"]
[PlyCount "71"]
[EventDate "2019.03.02"]
[EventType "swiss"]
[EventRounds "7"]
[EventCountry "BRA"]
[SourceTitle "EXT 2020"]
[Source "ChessBase"]
[SourceDate "2019.10.17"]
[SourceVersion "1"]
[SourceVersionDate "2019.10.17"]
[SourceQuality "1"]

1. d4 Nf6 2. Nf3 g6 3. g3 Bg7 4. Bg2 0-0 5. 0-0 d5 6. Nc3 Nc6 7. Bf4 a6 8. Ne5 Be6 9. e3 Nh5 10. Nxc6 bxc6 11. Na4 Nxf4 12. gxf4 Qd6 13. Nc5 Rfb8 14. b3 a5 15. Qf3 h5 16. Qg3 Bc8 17. Kh1 Rb5 18. Rac1 Ba6 19. Rg1 Bc8 20. Bf3 Qf6 21. c4 h4 22. Qg2 h3 23. Qg3 dxc4 24. Rxc4 Rb4 25. Ne4 Qf5 26. Rxc6 Ra7 27. Rc5 Qd7 28. f5 a4 29. fxg6 f6 30. Rh5 axb3 31. Qh4 Qe6 32. Nc5 bxa2 33. Rh8+ Bxh8 34. Qh7+ Kf8 35. g7+ Bxg7 36. Qxg7+ 1-0

[Event "Sao Paulo Carnaval op"]
[Site "Sao Paulo"]
[Date "2019.03.03"]
[Round "4"]
[White "De Freitas, Julio Eimard"]
[Black "Ikejiri, Daniel Yoshito"]
[Result "0-1"]
[WhiteElo "1822"]
[BlackElo "1997"]
[PlyCount "80"]
[EventDate "2019.03.02"]
[EventType "swiss"]
[EventRounds "7"]
[EventCountry "BRA"]
[SourceTitle "EXT 2020"]
[Source "ChessBase"]
[SourceDate "2019.10.17"]
[SourceVersion "1"]
[SourceVersionDate "2019.10.17"]
[SourceQuality "1"]

1. d4 d5 2. Nf3 Nf6 3. c4 e6 4. g3 c6 5. Bg2 dxc4 6. 0-0 b5 7. Ne5 Bb7 8. a4 a6 9. axb5 axb5 10. Rxa8 Bxa8 11. Nc3 Qb6 12. e4 Be7 13. Be3 0-0 14. Qc2 Qc7 15. Rd1 Nbd7 16. Nxd7 Qxd7 17. f3 Rd8 18. Ne2 c5 19. Qc3 cxd4 20. Rxd4 Qc8 21. Rxd8+ Qxd8 22. Nd4 Qb6 23. b3 Bc5 24. bxc4 b4 25. Qa1 Bb7 26. Kf2 b3 27. Qb2 e5 28. Nf5 Ba6 29. Bf1 Nd7 30. Bd3 g6 31. Ne7+ Kf8 32. Nd5 Bxe3+ 33. Nxe3 Nc5 34. Ke2 Qa5 35. Qxe5 Qa2+ 36. Bc2 Bxc4+ 37. Kd2 Nd7 38. Qd6+ Ke8 39. Kc3 bxc2 40. Nxc2 Qb3+ 0-1

[Event "Florianopolis op 5th"]
[Site "Florianopolis"]
[Date "2019.01.23"]
[Round "4"]
[White "De Freitas, Julio Eimard"]
[Black "De Oliveira, Gustavo Alfredo Bue"]
[Result "0-1"]
[WhiteElo "1822"]
[BlackElo "2052"]
[PlyCount "77"]
[EventDate "2019.01.21"]
[EventType "swiss"]
[EventRounds "10"]
[EventCountry "BRA"]
[SourceTitle "CBM 188 Extra"]
[Source "ChessBase"]
[SourceDate "2019.02.26"]
[SourceVersion "1"]
[SourceVersionDate "2019.02.26"]
[SourceQuality "1"]

1. d4 Nf6 2. Nf3 g6 3. g3 Bg7 4. Bg2 0-0 5. c4 d6 6. 0-0 Nbd7 7. Nc3 e5 8. h3 exd4 9. Nxd4 Re8 10. Be3 a5 11. Qc2 Nh5 12. Ne4 h6 13. g4 Nhf6 14. Ng3 Nc5 15. Rad1 Nfd7 16. Nb5 Rb8 17. Qd2 Kh7 18. Qxa5 b6 19. Qd2 Bb7 20. b3 Bxg2 21. Kxg2 Ne4 22. Nxe4 Rxe4 23. f3 Re8 24. Bd4 Bxd4 25. Nxd4 Qe7 26. Rf2 Ra8 27. Nb5 Nc5 28. Nc3 f5 29. Nd5 Qf7 30. g5 hxg5 31. Qxg5 Kg7 32. e4 fxe4 33. fxe4 Qxf2+ 34. Kxf2 Nxe4+ 35. Kg1 Nxg5 36. Nxc7 Nxh3+ 37. Kh2 Re2+ 38. Kxh3 Re3+ 39. Kg4 0-1

[Event "Florianopolis op 5th"]
[Site "Florianopolis"]
[Date "2019.01.22"]
[Round "3"]
[White "Moretto, Leticia Soares"]
[Black "De Freitas, Julio Eimard"]
[Result "0-1"]
[WhiteElo "1384"]
[BlackElo "1822"]
[PlyCount "70"]
[EventDate "2019.01.21"]
[EventType "swiss"]
[EventRounds "10"]
[EventCountry "BRA"]
[SourceTitle "CBM 188 Extra"]
[Source "ChessBase"]
[SourceDate "2019.02.26"]
[SourceVersion "1"]
[SourceVersionDate "2019.02.26"]
[SourceQuality "1"]

1. d4 d5 2. c4 c6 3. Nc3 Nf6 4. Nf3 dxc4 5. e4 b5 6. Bf4 Bg4 7. Be2 e6 8. h3 Bh5 9. 0-0 Bb4 10. Qc2 0-0 11. a3 Bxc3 12. bxc3 Bg6 13. Nd2 Qa5 14. Bf3 Nd5 15. Bd6 Qxc3 16. Qxc3 Nxc3 17. Bxf8 Kxf8 18. Rac1 Na4 19. Nb1 Nd7 20. Nc3 Nxc3 21. Rxc3 Nb6 22. Rcc1 Rd8 23. Rfd1 Na4 24. e5 Nb2 25. Rd2 Nd3 26. Rc3 Nxe5 27. Be2 c5 28. Re3 Nc6 29. Rc3 cxd4 30. Rc1 d3 31. Bf3 Nd4 32. Rb1 c3 33. Ra2 c2 34. Rc1 Nxf3+ 35. gxf3 d2 0-1

[Event "Florianopolis op 2nd"]
[Site "Florianopolis"]
[Date "2016.01.16"]
[Round "1"]
[White "De Freitas, Julio Eimard"]
[Black "Lopes, Leonardo Borges"]
[Result "1-0"]
[WhiteElo "1877"]
[BlackElo "1731"]
[PlyCount "115"]
[EventDate "2016.01.16"]
[EventType "swiss"]
[EventRounds "10"]
[EventCountry "BRA"]
[SourceTitle "CBM 170 Extra"]
[Source "ChessBase"]
[SourceDate "2016.02.25"]
[SourceVersion "1"]
[SourceVersionDate "2016.02.25"]
[SourceQuality "1"]

1. d4 d5 2. c4 e6 3. Nc3 Nf6 4. cxd5 exd5 5. Bg5 Be7 6. e3 0-0 7. Bd3 c5 8. Nge2 c4 9. Bc2 Nc6 10. 0-0 Re8 11. Nf4 Rb8 12. Bxf6 Bxf6 13. Nfxd5 Bh4 14. Qf3 b5 15. g3 b4 16. Ne4 Be7 17. Qh5 f5 18. Nxe7+ Qxe7 19. Nc5 Rf8 20. Qf3 Qd6 21. Ba4 Ne7 22. Rac1 Be6 23. Nxe6 Qxe6 24. Rxc4 Rfc8 25. Rfc1 Kh8 26. d5 Qa6 27. Bb3 Rf8 28. Qd1 Qd6 29. Rc7 Ra8 30. Qd4 Rf6 31. Rxa7 Rxa7 32. Qxa7 h6 33. Kg2 Kh7 34. Rc7 Rf7 35. Rd7 Nc8 36. Rxd6 Rxa7 37. Rc6 Ne7 38. Rb6 Nc8 39. Rxb4 Rd7 40. f3 Kg6 41. e4 fxe4 42. fxe4 Kf6 43. Kf3 Ke5 44. Ke3 Rc7 45. Rc4 Rxc4 46. Bxc4 Nb6 47. Bb5 g5 48. a4 Kd6 49. b4 Nc8 50. Kd4 h5 51. e5+ Ke7 52. d6+ Kd8 53. Kc5 h4 54. e6 hxg3 55. hxg3 g4 56. Ba6 Nxd6 57. Kxd6 Ke8 58. Bb5+ 1-0